000 00726nam a2200229 i 4500
001 8212
003 ES-MaACL
005 20250812055100.0
007 t|
008 920306s1991 mx a |||| | spa d
020 _a968-7009-28-4
080 _a7.041.5:92 Colón, Cristobal
100 1 _aZavala, Silvio,
_d1909-2014
_9118108
245 1 3 _aEl descubrimiento colombino en el arte de los siglos XIX y XX /
_cSilvio Zavala.
260 _a[México] :
_bFomento Cultural Bonamex,
_c[1991]
300 _a230 p. :
_bil. ;
_c30 cm.
600 1 4 _aColón, Cristóbal-
_xIconografía.
_939873
650 0 0 _aArte-
_yS.XIX
_9233576
650 7 _aArte-
_yS.XX
_2
_9141916
852 _aES-MaACL
_jL-15410
999 _c8212
_d8212